Структура и фазовый состав суперсплава на основе Ni-Al-Cr, легированного Re и La; Перспективы развития фундаментальных наук
| Parent link: | Перспективы развития фундаментальных наук.— 2015.— [С. 281-283] |
|---|---|
| Autor principal: | |
| Autor corporatiu: | |
| Altres autors: | , , |
| Sumari: | Заглавие с экрана Qualitative and quantitative studies of the structure, phase composition, morphology of phase of thehigh-rhenium alloys additionally doped with La were carried out by TEM and SEM methods. The alloy wasobtained by directional solidification method. It was shown that introduction of Re and La to an alloy leads toformation of new phases. |
| Idioma: | rus |
| Publicat: |
2015
|
| Col·lecció: | Физика |
| Matèries: | |
| Accés en línia: | http://earchive.tpu.ru/handle/11683/19163 http://www.lib.tpu.ru/fulltext/c/2015/C21/083.pdf |
| Format: | MixedMaterials Electrònic Capítol de llibre |
| KOHA link: | https://koha.lib.tpu.ru/cgi-bin/koha/opac-detail.pl?biblionumber=612986 |
MARC
| LEADER | 00000naa2a2200000 4500 | ||
|---|---|---|---|
| 001 | 612986 | ||
| 005 | 20240110173154.0 | ||
| 035 | |a (RuTPU)RU\TPU\conf\11117 | ||
| 035 | |a RU\TPU\conf\11112 | ||
| 090 | |a 612986 | ||
| 100 | |a 20150703d2015 k y0rusy50 ca | ||
| 101 | 0 | |a rus | |
| 102 | |a RU | ||
| 105 | |a a z 101zy | ||
| 135 | |a drgn ---uucaa | ||
| 181 | 0 | |a i | |
| 182 | 0 | |a b | |
| 200 | 1 | |a Структура и фазовый состав суперсплава на основе Ni-Al-Cr, легированного Re и La |d Structura and phase composition of the superalloy on base of Ni-Al-Cr alloyed by Re and La |f Е. Л. Никоненко, Е. Е. Цедрик, Н. А. Попова |g науч. рук. Н. А. Конева | |
| 203 | |a Текст |c электронный | ||
| 215 | |a 1 файл(786 Кб) | ||
| 225 | 1 | |a Физика | |
| 300 | |a Заглавие с экрана | ||
| 330 | |a Qualitative and quantitative studies of the structure, phase composition, morphology of phase of thehigh-rhenium alloys additionally doped with La were carried out by TEM and SEM methods. The alloy wasobtained by directional solidification method. It was shown that introduction of Re and La to an alloy leads toformation of new phases. | ||
| 337 | |a Adobe Reader | ||
| 463 | 1 | |0 (RuTPU)RU\TPU\conf\10376 |t Перспективы развития фундаментальных наук |l Prospects of fundamental sciences development |o сборник научных трудов XII Международной конференция студентов и молодых ученых, г. Томск, 21-24 апреля 2015 г. |f Национальный исследовательский Томский политехнический университет (ТПУ) ; Национальный исследовательский Томский государственный университет (ТГУ) ; Томский государственный архитектурно-строительный университет (ТГАСУ) ; Томский государственный университет систем управления и радиоэлектроники (ТУСУР) ; ред. кол. И. А. Курзина ; Г. А. Воронова ; С. А. Поробова |v [С. 281-283] |d 2015 | |
| 510 | 1 | |a Structura and phase composition of the superalloy on base of Ni-Al-Cr alloyed by Re and La |z eng | |
| 610 | 1 | |a электронный ресурс | |
| 610 | 1 | |a труды учёных ТПУ | |
| 610 | 1 | |a структурный состав | |
| 610 | 1 | |a фазовый состав | |
| 610 | 1 | |a суперсплавы | |
| 610 | 1 | |a электронная микроскопия | |
| 610 | 1 | |a растровая электронная микроскопия | |
| 610 | 1 | |a сплавы | |
| 700 | 1 | |a Никоненко |b Е. Л. |c физик |c доцент Томского политехнического университета, кандидат физико-математических наук |f 1962- |g Елена Леонидовна |3 (RuTPU)RU\TPU\pers\35777 |9 18934 | |
| 701 | 1 | |a Цедрик |b Е. Е. | |
| 701 | 1 | |a Попова |b Н. А. | |
| 702 | 1 | |a Конева |b Н. А. |4 727 | |
| 712 | 0 | 2 | |a Национальный исследовательский Томский политехнический университет (ТПУ) |c (2009- ) |3 (RuTPU)RU\TPU\col\15902 |
| 801 | 1 | |a RU |b 63413507 |c 20101016 | |
| 801 | 2 | |a RU |b 63413507 |c 20210128 |g RCR | |
| 856 | 4 | |u http://earchive.tpu.ru/handle/11683/19163 | |
| 856 | 4 | |u http://www.lib.tpu.ru/fulltext/c/2015/C21/083.pdf | |
| 942 | |c BK | ||